The short road to great presentations : how to reach any audience through focussed preparation, inspired delivery, and smart use of technology

Speakers bear the responsibility for communicating effectively with their audience: presenting a clear message, supporting it with well-structured explanations and examples, and delivering it with ease, grace, and good visuals. Unfortunately, this rarely happens, as anyone who has endured a substand...

Popoln opis

Shranjeno v:
Bibliografske podrobnosti
Glavni avtor: Reimold, Cheryl
Format: Knjiga
Jezik:Undetermined
Izdano: Hoboken, N.J. Wiley-Interscience 2003
Teme:
Oznake: Označite
Brez oznak, prvi označite!
Thư viện lưu trữ: Trung tâm Học liệu Trường Đại học Cần Thơ
LEADER 02137nam a2200217Ia 4500
001 CTU_164177
008 210402s9999 xx 000 0 und d
020 |c 55.95 
082 |a 651.73 
082 |b R363 
100 |a Reimold, Cheryl 
245 4 |a The short road to great presentations : 
245 0 |b how to reach any audience through focussed preparation, inspired delivery, and smart use of technology 
245 0 |c Cheryl Reimold, Peter Reimold 
260 |a Hoboken, N.J. 
260 |b Wiley-Interscience 
260 |c 2003 
520 |a Speakers bear the responsibility for communicating effectively with their audience: presenting a clear message, supporting it with well-structured explanations and examples, and delivering it with ease, grace, and good visuals. Unfortunately, this rarely happens, as anyone who has endured a substandard presentation knows only too well. The key for developing sound presentation skills need not, however, remain hidden. The Short Road to Great Presentations demystifies the art of public speaking as it shows you how to master the critical principles to make this skill an invaluable asset of your life and career. Drawing on twenty years of experience in helping engineers, scientists, and business people develop powerful communication skills, PERC Communications founders Peter and Cheryl Reimold present an easy-to-follow program for crafting winning presentations. They focus on two principles: 1) find a message that is clearly meaningful and accessible to your audience, and 2) connect strongly with your audience throughout your presentation. In applying these principles to a series of step-by-step preparations and on-stage actions, the authors help speakers focus on their most vital content, strengthen their structure and delivery, and???perhaps, most important???eliminate stress and aggravation. Chapter topics in this reader-friendly guide include: Structuring your message for maximum effect. Preparing effective visuals 
650 |a Business presentations,Thuyết trình kinh doanh 
904 |i Năm 
980 |a Trung tâm Học liệu Trường Đại học Cần Thơ